000 00537nam a2200217Ia 4500
003 OSt
005 20220928143335.0
006 a|||||r|||| 00| 0
007 ta
008 220927b |||||||| |||| 00| 0 eng d
024 _a21651
037 _cTextual
040 _aSDCL
_cSDCL
_beng
041 _2eng
_aeng
082 _aP154:3, 152M5;1
100 _aKaula Ishvara
_9505072
245 0 _aKasmirshabdamritam.
260 _c1985
942 _hP154:3, 152M5;1
_cTEXL
_2CC
999 _c823681
_d823681